Дом Петра I в городе Вологде

RUSMARC
00006457ckm2a2200000#x 450
0012fe0b8d2-848f-4497-bbd2-6a3e3c5141c0
00520220413131630.0
100##$a20140417l18501917k l0rusy0189 ca
1010#$arus
102##$aRU
2001#$aДом Петра I в городе Вологде
$eб/д
$j[1850-1917]
251##$cДело
300##$aФотография черно-белая, наклеена на картон. В конверте. На оборотной стороне написано от руки, чернилами: Домикъ Петра I въ г. Вологде
300##$aОригинальный заголовок дела: Вологодская губерния. Город Вологда. Дом Петра I : б/д
801#0$aRU
$bРГИА
$c20140417
801#1$aRU
$bГлавНИВЦ
$c20140417
$2rusmarc
801#2$aRU
$bПБ им. Б.Н. Ельцина
$c20160220
$gRCR
$2rusmarc
850##$aФедеральное казенное учреждение "Российский государственный исторический архив"
852##$aРГИА
$j213
937##$hРГИА
$d11164026
$aASBIBLIO_SCAN
462#0$1001074eb75f-1902-4909-a924-b21579da7b9b
$12001
$aКоллекция фотографий Техническо-строительного комитета МВД древних и архитектурно-скульптурных памятников России
$vД. 213
$1251
$cОпись
$1852
$j169
461#0$1001597a3917-b61a-443f-a337-cac2b95e7413
$12001
$aТехническо-строительный комитет МВД
$1251
$cФонд
$1852
$j1293
215##$a1 лист
$cфот.
$d23х28 см
371##$aДокумент не является опубликованным и широко распространяемым
105##$aa###
1222#$ad1850######
$ad1917######
035##$a2fe0b8d2-848f-4497-bbd2-6a3e3c5141c0
324##$aГрафика
5171#$aВологодская губерния. Город Вологда. Дом Петра I
$eб/д
330##$aДом Петра I (также известен как "Петровский домик", "Домик Петра") - памятник архитектуры XVII века. Находится в городе Вологде (Советский проспект, дом 47). В настоящее время в здании располагается музей, основанный в 1872 году. Это первый музей Вологды. В постоянной экспозиции более 100 предметов, среди которых личные вещи императора, мебель и утварь 2-й половины XVII века - начала XVIII века
6061#$2nlr_sh
$3RU\NLR\AUTH\66275217
$aАрхитектурные памятники
$yВологда, город
$jАрхивные дела
60102$aВологодский Петровский музей
$jАрхивные дела
$2prlib_sh
$3LIBNET\UAF\0000100405
$xИстория
605##$2acquisition_Prlib
$3DITM\AF\0000004675
$aТерритория
$lколлекция
605##$2acquisition_Prlib
$3LIBNET\UAF\0000036523
$aВологодская область: страницы истории
$lколлекция
605##$2acquisition_Prlib
$3LIBNET\UAF\0000099837
$aПетр I (1672–1725)
$lколлекция
686##$a63.3(28-8Вол)52-7я611
$2rubbk
$vLBC/M
617##$2prlib_sh
$cВологодская область
617##$2prlib_sh
$cВологодская губерния
608##$2prlib_sh
$3DITM\AF\0000001707
$aДокументальные фотографии
Формат отображения
из 5